000 01029nam a22003137a 4500
003 CHAP
005 20220329141107.0
008 971013s1996 r 10010 d
010 _a62484
011 _a63456
035 _a67632
040 _cCHAP
082 _a636.0882
_bT7 v.20
111 0 0 _aCongreso Internacional de Tracción Animal (
_n2
_d: 1996
_c: La Habana)
_926802
245 _aMemorias
260 _aLa Habana :
_bInstituto de Investigaciones de Mecanización Agropecuaria,
_c1996
300 _a21 h.
590 _aBATCH-UPD
_b10
_c20130110
_lUCH01
_h0741
590 _aBATCH-UPD
_b10
_c20130410
_lUCH01
_h0422
590 _aBATCH-UPD
_b10
_c20130914
_lUCH01
_h0336
590 _aCONVERSION
_b10
_c20130109
_lUCH01
_h1334
650 1 4 _aAnimales de carga.
_95878
650 1 4 _aEnergía animal.
_936889
650 1 4 _aMecanización agrícola.
_973801
901 _aBK
942 _cFOLL
949 _a636.0882 T7 v.20
_bBC
_cESP
_d-152989
_eESP
_h92181
_i67632
_sb
949 _aFolleto 14885
_bBC
_cFOLL
_d-153020
_eTS1
_i67632
_sb
999 _c62484
_d62484